Lexique exotique - Turquie - Statistiques

Statistiques générales
  • Ce quiz a été pris 219 fois
  • Le résultat moyen est 12 sur 15
Statistiques - réponses
Question Réponse % Correct
Tulipe (nom) Fleur associée à la prospérité et symbole de l'Empire Ottoman
97%
Bosphore (nom) Détroit qui sépare la partie européenne et asiatique d'Istanbul
93%
Harem (nom) Partie d'une maison ou d'un palais qui était réservé aux femmes
92%
Baklava (nom) Pâtisserie turque à pâte feuilletée avec du miel et des amandes
92%
Pacha (nom) Titre honorifique donné à de haut fonctionnaires ottomans
92%
Ayran (nom) Boisson turque à base de lait fermenté
87%
Fez (nom) Chapeau rouge à forme cylindrique porté durant l'Empire Ottoman
85%
Tanzimat (nom pl) Réformes politiques, sociales et économiques de l'Empire ottoman au XIXe siècle
82%
Büfe (nom) Petits stands qui vendent de la nourriture mais aussi tout un tas de bricoles
74%
Tavla (nom) Jeu de société turc, similaire au backgammon
72%
Arabesk (adj) Se dit d'une musique mélancolique aux influences musicale arabe
69%
Dolmuş (nom) Taxis collectifs qui suivent un tracé défini mais qui ont des arrêts flexibles
67%
Janissaire (nom / adj) Soldat d'élite de l'Empire ottoman à la discipline rigoureuse
61%
Hittite (nom) Peuple antique d'Anatolie
54%
Derviche (adj) Relatif à un mode de vie mystique, inspiré des ordres soufis
51%
Aucun quiz correspondant
Distribution des résultats
% des personnes avec chaque résultat
Percentile par nombre de réponses
Votre historique - résultats
Vous n’avez pas pris ce quiz